LEADER 01885nam 2200517I 450 001 9910707005203321 005 20160407110741.0 035 $a(CKB)5470000002461440 035 $a(OCoLC)946080830 035 $a(EXLCZ)995470000002461440 100 $a20160407j199703 ua 0 101 0 $aeng 135 $aurbn||||||||| 181 $ctxt$2rdacontent 182 $cc$2rdamedia 183 $acr$2rdacarrier 200 14$aThe cloud absorption radiometer HDF data user's guide /$fJason Y. Li [and four others] 210 1$aGreenbelt, Maryland :$cNational Aeronautics and Space Administration, Goddard Space Flight Center,$dMarch 1997. 215 $a1 online resource (iv, 34 pages) $cillustrations 225 1 $aNASA technical memorandum ;$v104643 300 $aTitle from title screen (viewed April 7, 2016). 300 $a"March 1997." 300 $a"Performing organization: Goddard Space Flight Center, Greenbelt, Maryland"--Report documentation page. 320 $aIncludes bibliographical references (page 33). 517 3 $aCloud absorption radiometer Hierarchical Data Format data user's guide 606 $aCloud physics$2nasat 606 $aRadiometers$2nasat 606 $aRemote sensing$2nasat 606 $aClouds (meteorology)$2nasat 606 $aRemote sensors$2nasat 606 $aData processing$2nasat 615 7$aCloud physics. 615 7$aRadiometers. 615 7$aRemote sensing. 615 7$aClouds (meteorology) 615 7$aRemote sensors. 615 7$aData processing. 700 $aLi$b Jason Y.$01391230 712 02$aGoddard Space Flight Center, 712 02$aUnited States.$bNational Aeronautics and Space Administration, 801 0$bGPO 801 1$bGPO 906 $aBOOK 912 $a9910707005203321 996 $aThe cloud absorption radiometer HDF data user's guide$93444827 997 $aUNINA LEADER 03603oam 2200841 450 001 9910782203203321 005 20190521150354.0 010 $a1-00-308612-8 010 $a0-571-34435-6 010 $a1-000-18388-2 010 $a1-000-18070-0 010 $a1-003-08612-8 010 $a1-4742-1528-9 010 $a1-282-47371-9 010 $a9786612473715 010 $a1-84788-340-0 024 7 $a10.5040/9780571344352 035 $a(CKB)1000000000553520 035 $a(EBL)483718 035 $a(OCoLC)732812788 035 $a(SSID)ssj0000340539 035 $a(PQKBManifestationID)11247540 035 $a(PQKBTitleCode)TC0000340539 035 $a(PQKBWorkID)10388109 035 $a(PQKB)11710303 035 $a(Au-PeEL)EBL483718 035 $a(CaPaEBR)ebr10367528 035 $a(CaONFJC)MIL247371 035 $a(OCoLC)893334821 035 $a(OCoLC)1158313822 035 $a(OCoLC-P)1158313822 035 $a(FlBoTFG)9781003086123 035 $a(MiAaPQ)EBC483718 035 $a(UtOrBLW)bpp09257526 035 $a(OCoLC)1102700660 035 $a(CaBNVSL)9780571344352 035 $a(EXLCZ)991000000000553520 100 $a19851104e20181985 uy 0 101 0 $aeng 135 $aurcnu|||unuuu 181 $ctxt 182 $cc 183 $acr 200 00$aMoney $eethnographic encounters /$fedited by Stefan Senders and Allison Truitt 205 $aFirst edition. 210 1$aLondon [England] :$cFaber and Faber Limited,$dc1985 210 2$aLondon [England] :$cBloomsbury Publishing,$d2018 215 $a1 online resource (148 p.) 225 1 $aEncounters--experience and anthropological knowledge 300 $aPapers first presented at the 2004 meeting of the American Ethnological Society in Atlanta, Georgia, in a session on "Encounters with Money." 311 $a1-84520-751-3 311 $a1-84520-750-5 320 $aIncludes bibliographical references (pages [119]-125) and index. 327 $aFront Matter -- Dedication -- Foreword -- Money into Light: A Diary. 330 $a"'Film-making is an agonizing struggle. It is in itself a quest for truths, for understanding.' -- John Boorman. June 1982. John Boorman, director of Deliverance and Excalibur, arrives in Los Angeles to raise finance for a film based on a newspaper account of a young American boy who was kidnapped by Brazilian Indians and whose father spent ten years searching for his lost child. March 1985. The film The Emerald Forest is sneak-previewed to audiences in Dallas and San Diego. This diary chronicles the three-year journey John Boorman undertook to make this film. This quest took him into the tangled, but fascinating, jungle of Hollywood (its studios, lawyers, financiers), involved him in the complex manoeuvrings that went on within England's Goldcrest organization, and sent him on a journey through the rain forest and rivers of Brazil."--$cProvided by publisher. 410 0$aEncounters--experience and anthropological knowledge. 606 $aMotion picture producers and directors$vBiography 610 1$aBoorman, John 610 0$aEmerald Forest, The 610 0$aScreenwriting 615 0$aMotion picture producers and directors 676 $a791.43/0233/0924 686 $a73.03$2bcl 700 $aBoorman$b John$f1933-$078513 702 $aFrench$b Philip 712 02$aAmerican Ethnological Society.$bMeeting$f(2004 :$eAtlanta, Ga.) 801 0$bUKM 801 1$bCaBNVSL 801 2$bCaBNVSL 906 $aBOOK 912 $a9910782203203321 996 $aMoney$93771908 997 $aUNINA LEADER 02238nas 2200673-a 450 001 9911048008903321 005 20230806213018.0 011 $a2212-4152 035 $a(CKB)110978979429718 035 $a(CONSER)sn-93002929- 035 $a(EXLCZ)99110978979429718 100 $a20751101a19689999 --- f 101 0 $aeng 181 $ctxt$2rdacontent 182 $cc$2rdamedia 183 $acr$2rdacarrier 200 00$aHandbook of clinical neurology 210 $aAmsterdam [Netherlands] $cNorth-Holland Pub. Co. ;$aNew York $cWiley Interscience Division - John Wiley & Sons$d[©1969- 210 31$aAmsterdam ;$aNew York :$cElsevier 215 $a1 online resource 300 $aRefereed/Peer-reviewed 300 $aEdited by P.J. Vinken and G.W. Bruyn (v. 45-, and Harold L. Klawans). 300 $aVols. 76-78 cumulative subject index for vols 1-75. 311 08$aPrint version: Handbook of clinical neurology. 0072-9752 (DLC)sn 93002929 (OCoLC)1777687 320 $aIncludes bibliographical references. 531 $aHANDBOOK OF CLINICAL NEUROLOGY REVISED SERIES 531 $aHANDB CLIN NEUROL 531 1 $aHandb. clin. neurol. 606 $aNeurology 606 $aNervous system$xDiseases 606 $aNervous System Diseases 606 $aNeurology 606 $aNeurologie$vCollections 606 $aNeurologie 606 $aSystème nerveux$xMaladies 606 $aNervous system$xDiseases$2fast$3(OCoLC)fst01036098 606 $aNeurology$2fast$3(OCoLC)fst01036390 606 $aNeurologie$2gtt 608 $aCollected Work. 608 $aMonographic Series. 615 0$aNeurology. 615 0$aNervous system$xDiseases. 615 2$aNervous System Diseases. 615 2$aNeurology. 615 6$aNeurologie 615 6$aNeurologie. 615 6$aSystème nerveux$xMaladies. 615 7$aNervous system$xDiseases. 615 7$aNeurology. 615 17$aNeurologie. 676 $a616.8008 702 $aVinken$b P. J$4edt 702 $aBruyn$b G. W$4edt 702 $aKlawans$b Harold L$4edt 906 $aJOURNAL 912 $a9911048008903321 920 $aexl_impl conversion 996 $aHandbook of clinical neurology$94492688 997 $aUNINA